Statistics for Classic Master System Games by Screenshot

Click here to take the quiz!

General Stats

  • This quiz has been taken 47 times
  • The average score is 7 of 20

Answer Stats

Answer% Correct
Sonic the Hedgehog
98%
Alex Kidd in Miracle World
65%
Asterix
58%
Altered Beast
48%
Double Dragon
48%
Out Run
43%
Marble Madness
38%
Columns
35%
California Games
33%
Shinobi
33%
Phantasy Star
28%
WonderBoy III: The Dragon's Trap
28%
After Burner
25%
Castle of Illusion Starring: Mickey Mouse
25%
Fantasy Zone
25%
R-Type
25%
Ys
20%
Psycho Fox
10%
Golvellius: The Valley of Doom
8%
Rescue Mission
8%

Score Distribution

Percentile by Number Answered

Percent of People with Each Score

Your Score History

You have not taken this quiz